000 01258nam0a22002891 4500
001 rc\3185441
005 20260407142116.0
021 _aRU
_b[76-5520]
035 _a(NLR Aleph) 007348987
090 _a6188841
_c6188841
100 _a20120628d1975 |||y0rusy50 ca
101 0 _arus
102 _aRU
105 _aa z |||||
200 1 _aВодная эрозия почв в Сибири
_e[Сборник статей]
_fАН СССР, Сиб. отд-ние, Ин-т почвоведения и агрохимии
_gОтв. ред. д-р с.-х. наук, проф. Р.В. Ковалев
210 _aНовосибирск
_cНаука. Сиб. отд-ние
_d1975
215 _a160 с.
_cил.
_d21
320 _aСписки лит. в конце статей
606 _aЭрозия почв, водная
_yСибирь
_2psbo
702 1 _4340
_aКовалев
_bР. В.
_cд-р с.-х. наук
_f1907-1991
_gРоман Викторович
_9171076
_3RU\NLR\AUTH\770171126
712 0 2 _aИнститут почвоведения и агрохимии
_cНовосибирск
_3RU\NLR\AUTH\8810011314
_9520334
801 0 _aRU
_bNLR
_gpsbo
801 1 _aRU
_bELAR
_2rusmarc
852 _aNLR
_j76-5/1609
942 _cBOOK
980 _aNB